[Event "FSGM November"]
[Site "Budapest HUN"]
[Date "2004.11.15"]
[Round "10"]
[White "Reutsky,S"]
[Black "Gonda,L"]
[Result "0-1"]
[WhiteElo "2318"]
[BlackElo "2400"]

1.e4 c5 2.Nf3 Nc6 3.Nc3 d6 4.d4 cxd4 5.Nxd4 Nf6 6.Bg5 e6 7.Qd2 a6 8.O-O-O Nxd4
9.Qxd4 Be7 10.f4 b5 11.Be2 Bb7 12.e5 dxe5 13.Qxe5 Qb8 14.Qe3 Qa7 15.Qe5 h6
16.Bh4 Qc5 17.Rhf1 Qxe5 18.fxe5 Nd5 19.Nxd5 Bxd5 20.Bxe7 Kxe7 21.Rf2 Rac8
22.Rdf1 Rhf8 23.Kd2 Rc5 24.Bh5 f6 25.exf6+ gxf6 26.Bf3 Bc4 27.Be2 Rd8+ 28.Kc1 f5
29.Bxc4 Rxc4 30.Rf3 Rg8 31.R1f2 Rcg4 32.g3 Ra4 33.a3 Re4 34.Rd3 h5 35.h4 Re1+
36.Kd2 Rg1 37.Rff3 Rg2+ 38.Kc1 Rg4 39.b3 Kf6 40.Kb2 Ke5 41.Kc3 a5 42.Rfe3+ Re4
43.b4 axb4+ 44.axb4 Re2 45.Rxe2 Rxe2 46.Kb3 Ke4 47.Rd6 Re3+ 48.c3 Kf3 49.Rb6 Re5
50.Rc6 Kxg3 51.c4 Re3+ 52.Kc2 bxc4 53.Rxc4 f4 54.b5 Re5 55.Rb4 Rd5 56.b6 Rd8
57.b7 Rb8 58.Kd2 e5 59.Ke2 f3+ 60.Kf1 e4 61.Rb6 e3 62.Rg6+ Kxh4 63.Rf6 Kg4
64.Rg6+ Kf5 65.Rg7 Rd8 66.Rf7+ Kg4 67.Ke1 e2 68.Kf2 Rd1 69.Rf4+ Kg5 70.Re4 Rf1+
71.Kg3 h4+ 72.Kh2 Rb1 73.Re7 Rxb7  0-1

[Event "Open"]
[Site "Calcutta IND"]
[Date "2004.11.17"]
[Round "11"]
[White "Chatterjee,S"]
[Black "Thakurta,S"]
[Result "0-1"]
[WhiteElo "1974"]
[BlackElo "2097"]

1.e4 c5 2.Nf3 Nc6 3.Nc3 e5 4.Bc4 Be7 5.d3 Nf6 6.Ng5 O-O 7.f4 d5 8.exd5 Bg4
9.Qd2 Nd4 10.fxe5 Nd7 11.O-O Nxe5 12.Nge4 f5 13.Ng3 Bd6 14.Nce2 f4 15.Nxf4 Nef3+
16.gxf3 Bxf4 17.Qg2 Bxf3 18.Rxf3 Nxf3+ 19.Qxf3 Bxc1 20.Qxf8+ Qxf8 21.Rxc1 Qd6
22.Re1 Rf8 23.Re6 Qf4 24.d6 Kh8 25.Kg2 Qf3+ 26.Kh3 Qc6 27.a4 a6 28.a5 Re8
29.Ne4 Qc8 30.Nxc5 Rxe6 31.Nxe6 Qd7 32.Kg2 Qxd6 33.b3 Qe5 34.d4 Qxa5  0-1

[Event "3rd Cup Russia Wom Final"]
[Site "Voronezh RUS"]
[Date "2004.11.17"]
[Round "5"]
[White "Meshcheriakova,E"]
[Black "Shumiakina,T"]
[Result "1/2-1/2"]
[WhiteElo "2233"]
[BlackElo "2324"]

1.e4 c5 2.Nf3 Nc6 3.Nc3 e5 4.Bc4 Be7 5.d3 d6 6.Nd2 Bg5 7.Nf1 Bxc1 8.Rxc1 Nge7
9.Ne3 O-O 10.O-O Ng6 11.Ncd5 Nce7 12.Nxe7+ Qxe7 13.Nd5 Qd8 14.f4 exf4 15.Nxf4 Nxf4
16.Rxf4 Be6 17.Bxe6 fxe6 18.Qg4 Rxf4  1/2-1/2

[Event "Acropolis GM"]
[Site "Athens GRE"]
[Date "2004.11.18"]
[Round "3"]
[White "Shavtvaladze,N"]
[Black "Vouldis,A"]
[Result "0-1"]
[WhiteElo "2430"]
[BlackElo "2524"]

1.e4 c5 2.Nc3 Nc6 3.Bb5 Nd4 4.Bc4 e6 5.Nf3 Nf6 6.O-O a6 7.d3 b5 8.Bb3 Nxb3
9.axb3 Bb7 10.e5 b4 11.Nb1 Nd5 12.Nbd2 Be7 13.Nc4 O-O 14.Na5 Bc8 15.Qe2 f6
16.Bd2 Qc7 17.Rfe1 Rb8 18.Qe4 Rb5 19.Nc4 fxe5 20.Qxe5 d6 21.Qg3 Rf6 22.Bg5 Rg6
23.Qh4 Rxg5 24.Nxg5 h6 25.Nxe6 Bxe6 26.Qe4 Bf7 27.Rxa6 Rb8 28.Rea1 Re8 29.Ra7 Qd8
30.Qf5 Nf6 31.h3 Bf8 32.Qf4 d5 33.Ne3 Bd6 34.Qh4 Bb8 35.Ra8 Qd6 36.Nf1 Kh7
37.Qg3 Qf8 38.f4 d4 39.Re1 Rxe1 40.Qxe1 Bd5 41.Ra1 Nh5 42.g3 Qf5 43.Kh2 Nxf4
44.gxf4 Qxf4+ 45.Ng3 Qf3  0-1

[Event "Acropolis WGM Open"]
[Site "Athens GRE"]
[Date "2004.11.19"]
[Round "4"]
[White "Petraki,M"]
[Black "Smokina,K"]
[Result "1-0"]
[WhiteElo "2108"]
[BlackElo "2267"]

1.e4 c5 2.Nc3 Nc6 3.Bb5 Nd4 4.Bc4 e6 5.Nge2 Nf6 6.O-O a6 7.a4 d5 8.exd5 exd5
9.Nxd5 Nf3+ 10.gxf3 Nxd5 11.d4 Be6 12.Ng3 h5 13.Re1 cxd4 14.Qxd4 Nc7 15.Qe4 Bc5
16.Bf4 h4 17.Nf5 Kf8 18.Qe5 Bxf2+ 19.Kxf2 Bxf5 20.Rad1 Qc8 21.Qe7+  1-0

[Event "TCh-ISL 2004-5"]
[Site "Reykjavik ISL"]
[Date "2004.11.19"]
[Round "1"]
[White "Ingimarsson,D"]
[Black "Ulfarsson,M"]
[Result "0-1"]
[WhiteElo "2060"]
[BlackElo "2398"]

1.e4 c5 2.Nc3 Nc6 3.Nf3 d6 4.d3 g6 5.Be3 Bg7 6.Qd2 Nd4 7.Be2 b5 8.Nd1 a5
9.c3 Nxe2 10.Qxe2 b4 11.O-O Nf6 12.h3 O-O 13.Qd2 c4 14.Re1 Bb7 15.cxb4 cxd3
16.bxa5 Qxa5 17.Qxd3 Nxe4 18.a3 Rfc8 19.Rc1 Rxc1 20.Bxc1 Nc5 21.Qe2 Bxf3
22.gxf3 Nd3 23.Bd2 Qa6 24.Rf1 Nxb2 25.Qxa6 Rxa6 26.Nxb2 Bxb2 27.Rb1 Bd4 28.Bh6 f6
29.Rb8+ Kf7 30.Rh8 g5 31.f4 Kg6 32.Bf8 f5  0-1

[Event "Petrosian Mem Open"]
[Site "Yerevan ARM"]
[Date "2004.11.19"]
[Round "1"]
[White "Avetisian,A"]
[Black "Geller,J"]
[Result "1/2-1/2"]
[WhiteElo "2153"]
[BlackElo "2489"]

1.e4 c5 2.Nc3 Nc6 3.Bb5 Nd4 4.Bc4 e6 5.Nge2 Ne7 6.Nxd4 cxd4 7.Ne2 Nc6 8.O-O Bc5
9.a3 a6 10.b4 Ba7 11.d3 O-O 12.f4 Ne7 13.Kh1 d5 14.Bb3 b5 15.Bb2 Bb7 16.Ng3 dxe4
17.dxe4 Qd7 18.Qg4 Kh8 19.f5 exf5 20.exf5 Nd5 21.Bxd4 Bxd4 22.Qxd4 Qc6 23.Qxd5 Qxd5
24.Bxd5 Bxd5 25.Rfd1 Rad8 26.Kg1 Bb7 27.Rxd8 Rxd8 28.Re1 Kg8 29.Re7 Bd5 30.Ra7 Rd6
31.Nf1 g6 32.fxg6 hxg6 33.Ne3 Be4 34.Kf2 f5 35.Rc7 Kf8 36.Nf1 g5 37.Rc5 Kf7
38.Ng3 Rd2+ 39.Ke3 Rxg2 40.Nxe4 fxe4 41.Kxe4 Rxh2 42.Kf5 Ke7 43.Rc6 Kd7 44.Rxa6 Rxc2
45.Kxg5 Kc7 46.Kf4 Rc3 47.Ke4 Kb7 48.Ra5 Kb6 49.Kd4  1/2-1/2

[Event "Acropolis IM Open"]
[Site "Athens GRE"]
[Date "2004.11.20"]
[Round "5"]
[White "Papargyriou,A"]
[Black "Klokas,K"]
[Result "1-0"]
[WhiteElo "2110"]
[BlackElo "2221"]

1.e4 c5 2.Nc3 Nc6 3.Bb5 e6 4.Bxc6 bxc6 5.d3 d5 6.f4 d4 7.Nce2 Bd6 8.Nf3 f6
9.O-O e5 10.Kh1 exf4 11.Bxf4 Rb8 12.e5 Bc7 13.Ng3 f5 14.Ng5 g6 15.Nh5 Qe7
16.Nf6+ Kf8 17.Qf3 h6 18.Ngh7+ Rxh7 19.Nxh7+ Qxh7 20.Qxc6 Rxb2 21.e6 Rb7
22.Bd6+ Ne7 23.Qxc5 Bxd6 24.Qxd6 Qg8 25.Rfe1 Ke8 26.Qxd4 Bxe6 27.Qa4+ Bd7
28.Qa6 Rc7 29.Rab1 Kf7 30.Qd6 Qd8 31.Rxe7+ Qxe7 32.Qxc7 Be6 33.Qxe7+  1-0

[Event "Lushki A"]
[Site "Serpukhov RUS"]
[Date "2004.11.21"]
[Round "4"]
[White "Moskalenko,A"]
[Black "Zubarev,Al1"]
[Result "0-1"]
[WhiteElo "2319"]
[BlackElo "2505"]

1.e4 c5 2.Nc3 Nc6 3.Bb5 Nd4 4.Ba4 a6 5.d3 g6 6.Nge2 Bg7 7.O-O e6 8.Nxd4 cxd4
9.Ne2 Ne7 10.f4 O-O 11.Qe1 b5 12.Bb3 Bb7 13.Bd2 a5 14.a4 b4 15.Qf2 Qb6 16.Rae1 Rac8
17.e5 Nf5 18.Ng3 d6 19.Ne4 dxe5 20.fxe5 Bxe5 21.Ng5 Qc7 22.g3 Qc6 23.Nf3 Ne3
24.Bxe3 dxe3 25.Qxe3 Bxb2 26.d4 Qc3 27.Qf2 Qxf3 28.Qxf3 Bxd4+ 29.Kg2 Bxf3+
30.Rxf3 Rfd8 31.Ref1 Rc7 32.h3 Kg7 33.Kh1 Rd6 34.Kg2 f5 35.g4 Kf6 36.h4 Rc3
37.Rd1 Rxf3 38.Kxf3 e5 39.g5+ Kg7 40.Ke2 Rc6 41.Rd3 h6 42.Rg3 hxg5 43.hxg5 e4
44.Rh3 Be5 45.Rh1 Rd6  0-1

[Event "Acropolis WGM Open"]
[Site "Athens GRE"]
[Date "2004.11.22"]
[Round "7"]
[White "Petraki,M"]
[Black "Burtasova,A"]
[Result "1-0"]
[WhiteElo "2108"]
[BlackElo "2273"]

1.e4 c5 2.Nc3 Nc6 3.Bb5 g6 4.Bxc6 bxc6 5.d3 Bg7 6.f4 d6 7.Nf3 Nh6 8.O-O O-O
9.Qe2 Rb8 10.h3 Qb6 11.Kh1 f5 12.e5 Nf7 13.Re1 Nd8 14.Na4 Qb4 15.b3 Ne6 16.Bd2 Qb7
17.Qf2 Qc7 18.Re2 Rb4 19.Rae1 Nxf4 20.exd6 Qxd6 21.Rxe7 Ne6 22.R7xe6 Bxe6
23.Qxc5 Qxc5 24.Nxc5 Rb5 25.Nxe6 Re8 26.Nxg7 Rxe1+ 27.Bxe1 Kxg7 28.c4 Rb8
29.Bc3+ Kh6 30.Ne5 c5 31.Kg1 Rb7 32.Kf2 Kg5 33.Kf3 h5 34.d4 cxd4 35.Bxd4 h4
36.c5 Kf6 37.Nc6+ Kg5 38.b4 Kh5 39.Kf4 a6 40.a3 Rf7 41.Ne5 g5+ 42.Ke3 Re7
43.c6 g4 44.Kf4 gxh3 45.gxh3 Rg7 46.Nd7 Rg6 47.Bf6  1-0

[Event "ch-ROM w KO"]
[Site "Brasov ROM"]
[Date "2004.11.23"]
[Round "2.2"]
[White "Padurariu,I"]
[Black "Ionica,I"]
[Result "1/2-1/2"]
[WhiteElo "2133"]
[BlackElo "2240"]

1.e4 c5 2.Nc3 Nc6 3.Bb5 g6 4.Bxc6 dxc6 5.Nf3 Bg7 6.d3 Nf6 7.Be3 b6 8.Qd2 Ng4
9.Bf4 e5 10.Bg3 f6 11.h3 Nh6 12.a4 Nf7 13.a5 Be6 14.O-O O-O 15.b3 Qe7 16.Qe2 b5
17.Nd2 Qd7 18.Na2 Rfd8 19.Rfd1 a6 20.f3 Nd6 21.Bf2 Nb7 22.Nc3 Bf8 23.Be3 Qc7
24.Qf2 Nxa5 25.Bxc5 Bxc5 26.Qxc5 Nb7 27.Qe3 Qd6 28.Ne2 Bf7 29.f4 exf4 30.Nxf4 a5
31.Nf3 a4 32.bxa4 Rxa4 33.d4 Re8 34.Rxa4 bxa4 35.Ra1 Qb4 36.e5 fxe5 37.Nxe5 c5
38.Nfd3 cxd4 39.Qf3 Qe7 40.Rxa4 Nc5 41.Rxd4 Nxd3 42.Nxd3 Rc8 43.Qf2 Qc7 44.Nb4 Ra8
45.Rd1 Rc8 46.Qd4 Qc4 47.Qd6 Qc5+ 48.Qxc5 Rxc5 49.Rd3 Rc4 50.c3 Kg7 51.Nc2 h5
52.Ne3 Rc6 53.Kf2 Kf6 54.Ke1 Be6 55.Kd2 Ke5 56.Rd4 Ra6 57.h4 Ra2+ 58.Kd3 Bf5+
59.Nxf5 gxf5 60.Ke3 Rxg2 61.Kf3 Rg4 62.Rb4 Rg1 63.Rb5+ Ke6 64.Rb6+ Ke5 65.Rb5+ Ke6
66.Rb6+  1/2-1/2

[Event "17th Belgrade Trophy"]
[Site "Obrenovac SCG"]
[Date "2004.11.23"]
[Round "2"]
[White "Eric,J"]
[Black "Bojovic,D"]
[Result "0-1"]
[WhiteElo "1991"]
[BlackElo "2166"]

1.e4 c5 2.Nf3 Nc6 3.Nc3 g6 4.d4 cxd4 5.Nxd4 Bg7 6.Be3 Nf6 7.Bc4 Qa5 8.f3 Qb4
9.Nxc6 Qxc4 10.Nxa7 Qb4 11.Nb5 Ra5 12.Qe2 Nxe4 13.fxe4 Rxb5 14.O-O Rh5 15.a3 Qxb2
16.Qc4 O-O 17.Bd4 b5 18.Qd3 Bxd4+ 19.Qxd4 Qxc2 20.Rfc1 e5 21.Qd6 Qb3 22.Nd5 Kg7
23.Qf6+ Kh6 24.Ne7 Bb7 25.Nf5+ Rxf5 26.exf5 Qe3+ 27.Kh1 Qf2 28.Rg1 Qxf5 29.Qh4+ Kg7
30.Rgf1 Qe4 31.Qg3 d6 32.Rad1 Qc4 33.Qf2 Qc6 34.Rc1 Qd5 35.Rfd1 Qe6 36.Qb6 Rb8
37.Rxd6 Bxg2+ 38.Kxg2 Qg4+ 39.Kh1 Rxb6  0-1

[Event "XXI WJun Women"]
[Site "Kochin IND"]
[Date "2004.11.25"]
[Round "9"]
[White "Paehtz,E"]
[Black "Vinuthna,N"]
[Result "1-0"]
[WhiteElo "2398"]
[BlackElo "2229"]

1.e4 c5 2.Nc3 Nc6 3.Bb5 g6 4.Bxc6 dxc6 5.d3 Bg7 6.Be3 b6 7.Qd2 e5 8.f4 exf4
9.Bxf4 h6 10.Nf3 Be6 11.a3 Qe7 12.Ne5 Rc8 13.O-O Nf6 14.h3 g5 15.Bh2 Nd7
16.Nf3 O-O 17.Rae1 Rfd8 18.e5 Nf8 19.Ne4 Ng6 20.Kh1 Rc7 21.Nf6+ Kh8 22.Nxg5 hxg5
23.Qxg5 Qf8 24.Qh5+ Bh6 25.Bf4 Nxf4 26.Rxf4 Kg7 27.Re3 Qh8 28.Rg3+ Kf8 29.Rh4 Ke7
30.Qxh6 Qxh6 31.Rxh6 c4 32.Ng8+ Kd7 33.dxc4 Bxc4 34.Rd6+ Kc8 35.Nf6 Rh8 36.Re3 c5
37.g4 Re7 38.Kg2 Re6 39.Rxe6 Bxe6 40.Rd3 Kc7 41.Kg3 b5 42.h4 a5 43.h5 b4
44.axb4 cxb4 45.b3 Ra8 46.h6 Rh8 47.h7 Kc6 48.Kf4 Kb5 49.Kg5 a4 50.bxa4+ Kxa4
51.Kh6 Bc4 52.Rd4  1-0

[Event "17th Belgrade Trophy"]
[Site "Obrenovac SCG"]
[Date "2004.11.25"]
[Round "4"]
[White "Cornette,M"]
[Black "Mirkovic,St"]
[Result "1/2-1/2"]
[WhiteElo "2373"]
[BlackElo "2073"]

1.e4 c5 2.Nf3 Nc6 3.Nc3 g6 4.Bb5 Bg7 5.O-O d6 6.e5 dxe5 7.Bxc6+ bxc6 8.Qe2 Bg4
9.h3 Bxf3 10.Qxf3 Rc8 11.Ne4 Qd5 12.c4 Qd4 13.d3 f5 14.Nc3 Nf6 15.Qe2 e4
16.dxe4 Nxe4 17.Nxe4 Qxe4 18.Qxe4 fxe4 19.Be3 Bd4 20.Bxd4 cxd4 21.Rfe1 c5
22.Rxe4 Kf7 23.Kf1 Rb8 24.b3 a5 25.Rae1 Rb7 26.Re6 a4 27.Rc6 axb3 28.axb3 Rxb3
29.Rxc5 Rhb8 30.Rc7 Re8 31.Rd7 d3 32.Rd4 Rc3 33.Rd1 Rc8 34.R1xd3 Rxd3 35.Rxd3 Rxc4
36.Rf3+ Kg7 37.Ke2 Ra4  1/2-1/2

[Event "17th Belgrade Trophy"]
[Site "Obrenovac SCG"]
[Date "2004.11.28"]
[Round "7"]
[White "Stanojoski,Z"]
[Black "Jovanovic,Zo1"]
[Result "1/2-1/2"]
[WhiteElo "2506"]
[BlackElo "2389"]

1.e4 c5 2.Nf3 Nc6 3.Nc3 d6 4.d4 cxd4 5.Nxd4 Nf6 6.g3 Bg4 7.f3 Nxd4 8.Qxd4 Bd7
9.Be3 g6 10.Qd2 Bg7 11.O-O-O h5 12.Kb1 Qc8 13.Bd4 O-O 14.Bxf6 exf6 15.Qxd6 Be6
16.Nd5 Bxd5 17.Rxd5 Rd8 18.Qxd8+ Qxd8 19.Rxd8+ Rxd8 20.Bd3 Bh6 21.Rd1 Be3
22.Re1 Bd4 23.Re2 h4 24.gxh4 Be5 25.Rg2 Kg7 26.h5 Rh8 27.hxg6 fxg6 28.Kc1 Rxh2
29.Rxh2 Bxh2 30.Kd2 Kf7 31.Bc4+ Ke7 32.Ke3 g5 33.Bf1 Kd6 34.Bh3 Be5 35.c3 b5
36.Kd3 a5 37.b3 Kc5 38.a3 b4 39.cxb4+ axb4 40.a4 Kb6 41.Kc4 Ka5  1/2-1/2

[Event "Ch-Euro Rapid"]
[Site "Yerevan ARM"]
[Date "2004.11.28"]
[Round "1"]
[White "Movsisian,V"]
[Black "Smirnov,P"]
[Result "1-0"]
[WhiteElo "2243"]
[BlackElo "2626"]

1.e4 c5 2.Nf3 Nc6 3.Nc3 Nf6 4.d4 cxd4 5.Nxd4 e5 6.Ndb5 a6 7.Na3 b5 8.Bg5 d6
9.Bxf6 gxf6 10.Nd5 f5 11.c3 Bg7 12.Qh5 Be6 13.Bd3 O-O 14.Ne3 f4 15.Nf5 Qf6
16.g4 b4 17.Nc4 bxc3 18.bxc3 Rfd8 19.Rb1 h6 20.Rb6 Ne7 21.h4 Nxf5 22.exf5 Bxc4
23.g5 Qe7 24.Bxc4 Qc7 25.Rb4 a5 26.f6 axb4 27.Qg6 Kf8 28.fxg7+ Ke8 29.g8=Q+ Kd7
30.Q8xf7+ Kc6 31.Bd5+ Kb6 32.Qxc7+  1-0

[Event "TCh-SLO"]
[Site "Celje SLO"]
[Date "2004.11.29"]
[Round "1"]
[White "Gruskovnjak,T"]
[Black "Sveshnikov,E"]
[Result "0-1"]
[WhiteElo "2313"]
[BlackElo "2512"]

1.e4 c5 2.Nf3 Nc6 3.Nc3 e5 4.Bc4 Be7 5.d3 Nf6 6.Ng5 O-O 7.f4 d5 8.Nxd5 Nxd5
9.Bxd5 exf4 10.Nf3 Bh4+ 11.Kf1 Bf6 12.Bxf4 Bxb2 13.Rb1 Bf6 14.Qd2 Be6 15.c4 Qd7
16.h3 Rae8 17.g4 Bxd5 18.cxd5 Nd4 19.Nxd4 Bxd4 20.Kg2 h5 21.Bg3 b5 22.Qf4 b4
23.Rhe1 hxg4 24.hxg4 Re5 25.Re2 Rfe8 26.Rc2 f6 27.Kf3 Rxd5 28.Qc7 Qb5 29.Rc4 Rd7
30.Qf4 Be5 31.Qe3 Red8 32.Rb3 Bd4 33.Qe2 a5 34.Rb1 Be5 35.Rd1 Qxc4 36.dxc4 Rxd1
37.Be1 a4 38.g5 b3 39.axb3 axb3 40.Kg2 b2  0-1

[Event "17th Belgrade Trophy"]
[Site "Obrenovac SCG"]
[Date "2004.11.29"]
[Round "8"]
[White "Zivkovic,I"]
[Black "Dabovic,V"]
[Result "0-1"]
[WhiteElo "2211"]
[BlackElo "1993"]

1.e4 c5 2.Nc3 Nc6 3.Nge2 g6 4.d4 cxd4 5.Nxd4 Bg7 6.Be3 Nf6 7.f3 O-O 8.Qd2 a6
9.g4 d5 10.Nxc6 bxc6 11.exd5 Nxd5 12.Nxd5 cxd5 13.Bd4 e5 14.Bc5 Re8 15.O-O-O Be6
16.Ba3 Qh4 17.Kb1 e4 18.Be2 Rab8 19.b3 Qf6 20.c3 exf3 21.Bxa6 Ra8 22.Bb5 Reb8
23.Ba4 Rxa4  0-1

[Event "TCh-SLO"]
[Site "Celje SLO"]
[Date "2004.11.30"]
[Round "2"]
[White "Solak,D"]
[Black "Kozul,Z"]
[Result "1/2-1/2"]
[WhiteElo "2563"]
[BlackElo "2640"]

1.e4 c5 2.Nc3 Nc6 3.Bb5 Nd4 4.Bc4 e6 5.Nf3 Nxf3+ 6.Qxf3 a6 7.a4 Bd6 8.d3 Ne7
9.O-O O-O 10.Qh5 Rb8 11.e5 Bc7 12.Ne4 d5 13.exd6 Bxd6 14.Bg5 Qc7 15.Rfe1 Ng6
16.Nxd6 Qxd6 17.a5 Bd7 18.Bd2 Rbc8 19.Qg5 Rfd8 20.Qg3 Qxg3 21.hxg3 Ne7 22.Bg5 Kf8
23.Bxe7+ Kxe7 24.Bd5 Bc6 25.Bxc6 Rxc6 26.Re4 Rd4 27.Ra4 Rcd6 28.Kf1 Rxe4
29.Rxe4 Rd4 30.b3 Rxe4 31.dxe4 Kd6 32.Ke2 c4 33.b4 Kc6 34.c3 Kb5 35.e5 Kc6
36.f4 Kd5 37.Ke3 h5 38.Kf3 g5 39.g4 hxg4+ 40.Kxg4 Ke4 41.Kxg5 Kd3 42.Kf6 Kxc3
43.Kxf7 Kxb4 44.f5 exf5 45.e6 c3 46.e7 c2 47.e8=Q c1=Q 48.Qe5 f4 49.Qe7+ Kxa5
50.Qxb7 Qc4+ 51.Kf6 Ka4 52.Qd7+ Kb4 53.Qd6+ Kb5 54.Qe5+ Ka4 55.Qa1+ Kb5 56.Qe5+ Kc6
57.Kf5 Qc2+ 58.Kxf4 Qf2+ 59.Ke4 Qxg2+ 60.Kd3 Qf1+ 61.Kc2 Qf2+ 62.Kb3  1/2-1/2

[Event "TCh-SLO"]
[Site "Celje SLO"]
[Date "2004.11.30"]
[Round "2"]
[White "Sax,G"]
[Black "Jelen,Ig"]
[Result "1/2-1/2"]
[WhiteElo "2560"]
[BlackElo "2346"]

1.e4 c5 2.Nc3 Nc6 3.Nge2 Nf6 4.g3 d5 5.exd5 Nd4 6.Bg2 Bg4 7.h3 Bf3 8.Bxf3 Nxf3+
9.Kf1 Nd4 10.Nxd4 cxd4 11.Nb5 Rc8 12.Nxd4 Qxd5 13.Nf3 Qc4+ 14.d3 Qxc2 15.Be3 a6
16.Kg2 Nd5 17.Qe1 Qxd3 18.Bd4 e6 19.Rd1 Qg6 20.Ne5 Qf5 21.Qa5 Be7 22.Qa4+ b5
23.Qxa6 O-O 24.Rhe1  1/2-1/2

[Event "Extraliga CZE 2004-5"]
[Site "Czech Rep CZE"]
[Date "2004.12.04"]
[Round "3"]
[White "Rasik,V"]
[Black "Markos,J"]
[Result "1-0"]
[WhiteElo "2469"]
[BlackElo "2454"]

1.e4 c5 2.Nf3 Nc6 3.Nc3 Nf6 4.Bb5 Qc7 5.O-O e6 6.Re1 d6 7.d4 cxd4 8.Nd5 exd5
9.exd5+ Be7 10.Nxd4 Nxd5 11.Nxc6 bxc6 12.Qxd5 Bd7 13.Qg5 Be6 14.Qxg7 Kd7
15.Bf1 Qa5 16.Bf4 Rhg8 17.Qd4 Rg4 18.h3 Rh4 19.g3 Rh5 20.c4 Qb6 21.Qd2 Qa5
22.b4 Qa4 23.Rad1 d5 24.b5 cxb5 25.Qe2 Bb4 26.cxd5 Rxd5 27.Rxd5+ Bxd5 28.Rd1  1-0

[Event "Extraliga CZE 2004-5"]
[Site "Czech Rep CZE"]
[Date "2004.12.05"]
[Round "4"]
[White "Movsesian,S"]
[Black "Mrva,Mart"]
[Result "1-0"]
[WhiteElo "2629"]
[BlackElo "2507"]

1.e4 c5 2.Nc3 Nc6 3.Bb5 Nd4 4.Bc4 d6 5.Nge2 Nf6 6.d3 Nc6 7.O-O a6 8.a3 e6
9.Ba2 Be7 10.f4 O-O 11.f5 Re8 12.fxe6 fxe6 13.Qe1 Ng4 14.Nf4 Bf6 15.Qg3 Bd4+
16.Kh1 Nf6 17.Qh3 Qe7 18.Nfe2 Be5 19.Bg5 h6 20.Bh4 Kh7 21.Rf2 Rf8 22.Raf1 Bd7
23.Nd1 Nd4 24.Ng1 Kg8 25.c3 Nc6 26.Ne3 g5 27.Nf5 Qh7 28.Bg3 h5 29.Nxd6 Ng4
30.Rf5 Qg6 31.Nxb7 Kg7 32.Rxf8 Rxf8 33.Rxf8 Kxf8 34.Nxc5 Bc8 35.Nf3 Bc7 36.Kg1 e5
37.Be1 Ne7 38.Nd2 Bb6 39.Qf3+ Nf6 40.Bf2 Bg4 41.Nd7+ Bxd7 42.Bxb6 g4 43.Qf2 Kg7
44.Be3 Qh7 45.Bg5  1-0

[Event "TCh-SWE Elitserien 2004-5"]
[Site "Stockholm/Eksjo SWE"]
[Date "2004.12.05"]
[Round "5"]
[White "Krantz,C"]
[Black "Svenn,M"]
[Result "0-1"]
[WhiteElo "1979"]
[BlackElo "2175"]

1.e4 c5 2.Nc3 Nc6 3.Nge2 g6 4.g3 Bg7 5.Bg2 e6 6.d3 Nge7 7.O-O O-O 8.h3 Nd4
9.Nxd4 cxd4 10.Ne2 d6 11.c4 dxc3 12.bxc3 Bd7 13.Qb3 Qc7 14.Be3 Nc6 15.f4 Na5
16.Qa3 f5 17.Rab1 fxe4 18.Bxe4 Bc6 19.Bxc6 bxc6 20.Bd4 e5 21.fxe5 Rxf1+ 22.Rxf1 Bxe5
23.Bxe5 dxe5 24.g4 e4 25.dxe4 Re8 26.Qc5 Qb6 27.Qxb6 axb6 28.Ng3 Nc4 29.Rc1 Kf7
30.Kf2 Ke6 31.Nf1 Ke5 32.Ne3 Nd6 33.Re1 b5 34.Kf3 Rf8+ 35.Nf5 Nc4 36.Kg3 gxf5
37.exf5+ Kd5 38.Kf4 Ra8 39.f6 Rxa2 40.Kg5 Rf2 41.h4 Ne5 42.Kh5 Rxf6 43.g5 Rf4
44.Rh1 Ng6 45.Kh6 Rxh4+ 46.Rxh4 Nxh4 47.Kxh7 c5 48.Kh6 b4  0-1

[Event "ch-IND"]
[Site "Visakhapatnam IND"]
[Date "2004.12.05"]
[Round "2"]
[White "Neelotpal,D"]
[Black "Harika,D"]
[Result "1-0"]
[WhiteElo "2458"]
[BlackElo "2391"]

1.e4 c5 2.Nf3 Nc6 3.Nc3 e5 4.Bc4 d6 5.d3 Be7 6.O-O Nf6 7.Ng5 O-O 8.f4 h6
9.Nf3 exf4 10.Bxf4 Be6 11.Nd5 Bxd5 12.exd5 Na5 13.Nh4 Nxc4 14.dxc4 Nxd5 15.Qxd5 Bxh4
16.Bxd6 Be7 17.Be5 Qxd5 18.cxd5 Rfd8 19.c4 Bd6 20.Bc3 Rab8 21.Rae1 Re8 22.g4 Kf8
23.Kg2 Rxe1 24.Rxe1 b5 25.cxb5 Rxb5 26.Re4 Rb7 27.h4 Be7 28.h5 Rd7 29.Ra4 Bf6
30.Bxf6 gxf6 31.Kf3 Rxd5 32.Rxa7 c4 33.Ra4 Rb5 34.Rxc4 Rxb2 35.a4 Rd2 36.Ke4 Kg7
37.a5 Ra2 38.Rc5 Ra4+ 39.Kd5 Rxg4 40.Kc6 f5 41.Rxf5 Re4 42.a6 Re6+ 43.Kb5 Re2
44.Rc5 Re8 45.a7 Rf8 46.Ka6 f5 47.Rb5 Re8 48.Rxf5  1-0

[Event "ch-IND"]
[Site "Visakhapatnam IND"]
[Date "2004.12.05"]
[Round "2"]
[White "Shetty,R"]
[Black "Deepan,C"]
[Result "0-1"]
[WhiteElo "2369"]
[BlackElo "2396"]

1.e4 c5 2.Nf3 Nc6 3.Nc3 Nf6 4.Bb5 Qc7 5.O-O Nd4 6.Re1 a6 7.Bf1 Ng4 8.g3 Nxf3+
9.Qxf3 Ne5 10.Qd1 e6 11.Bg2 Be7 12.d3 O-O 13.Be3 d6 14.h3 b6 15.Qd2 Bb7 16.Rf1 Nc6
17.f4 Bf6 18.Rae1 Rad8 19.g4 Rfe8 20.g5 Bd4 21.Kh1 Bxe3 22.Rxe3 Nd4 23.Qf2 d5
24.exd5 exd5 25.Rxe8+ Rxe8 26.Re1 Rxe1+ 27.Qxe1 Kf8 28.Nxd5 Bxd5 29.Bxd5 Qxf4
30.c3 Nf5 31.Bc6 g6 32.Qe8+ Kg7 33.Qd8 Qf1+ 34.Kh2 Qf2+ 35.Bg2 Ne3 36.Qf6+ Qxf6
37.gxf6+ Kxf6 38.Bf3 Ke5 39.Kg3 f5 40.Be2 a5 41.Kf3 Nd5 42.Bd1 g5 43.Bc2 Ne7
44.Bb3 Nd5 45.Bc2 g4+ 46.hxg4 fxg4+ 47.Kg3 h5 48.Ba4 Ne7 49.Kh4 Kf4 50.d4 cxd4
51.cxd4 Nf5+ 52.Kxh5 Nxd4 53.Bd7 g3 54.Bh3 Nc2 55.Kg6 Ke5 56.Kf7  0-1

[Event "Asian Women"]
[Site "Beirut LIB"]
[Date "2004.12.06"]
[Round "3"]
[White "Ju Wenjun"]
[Black "Zhang Jilin"]
[Result "0-1"]
[WhiteElo "2300"]
[BlackElo "2287"]

1.e4 c5 2.Nc3 Nc6 3.Nf3 g6 4.d4 cxd4 5.Nxd4 Bg7 6.Be3 d6 7.Bc4 Nf6 8.f3 O-O
9.Qd2 Bd7 10.O-O-O Qa5 11.h4 Rfc8 12.Bb3 Ne5 13.h5 Nxh5 14.g4 Nf6 15.Bh6 Bh8
16.g5 Nh5 17.Nd5 Qd8 18.Rdg1 Nc4 19.Qd3 Ne5 20.Qd1 Nc6 21.Nxc6 bxc6 22.Rxh5 cxd5
23.Rh4 Qb6 24.Rgh1 Be6 25.exd5 Bf5 26.c3 Rab8 27.Qd2 Qa5 28.Kd1 Be5 29.Ra4 Qc5
30.Rc4 Qb6 31.Rb4 Qc7 32.Rc4 Qd7 33.Rxc8+ Qxc8 34.Qe3 Qa6 35.f4 Bxf4 36.Qxf4 Qd3+
37.Ke1 Qb1+ 38.Kf2 Qxh1 39.Qd4 Qh2+ 40.Kf3 Qe5 41.Qxa7 Rc8 42.Qa4 e6 43.dxe6 Bxe6
44.Bxe6 Qxe6 45.Qd4 Qe5 46.Qxe5 dxe5 47.Ke4 Rc5 48.a4 f5+ 49.gxf6 Kf7 50.Be3 Ra5
51.b4 Rxa4 52.Kxe5 h5 53.b5 h4 54.b6 h3 55.b7 Ra5+ 56.Kf4 Rb5 57.Kg3 Kxf6
58.Kxh3 Rxb7 59.Kg4 Rb5 60.Bd4+ Ke6 61.Bg7 Rb1 62.Kg5 Rg1+ 63.Kf4 g5+ 64.Ke4 Re1+
65.Kf3 Kf5 66.Bd4 Re4 67.Bf2 Ra4 68.Bd4 Ra1 69.Bc5 g4+ 70.Kg3 Rd1 71.Bd4 Rd3+
72.Kf2 Kf4 73.Ke2 Rh3 74.c4 Ke4 75.Bg1 Ra3 76.Kf2 Rc3 77.c5 g3+ 78.Kg2 Kf4
79.Bd4 Rc2+ 80.Kh1 Kf3 81.Bg1 Rc1 82.c6 Rxc6 83.Bd4 Rh6+ 84.Kg1 g2  0-1

[Event "XII It"]
[Site "Solin-Split CRO"]
[Date "2004.12.06"]
[Round "4"]
[White "Brkic,A"]
[Black "Jankovic,A"]
[Result "0-1"]
[WhiteElo "2454"]
[BlackElo "2477"]

1.e4 c5 2.Nf3 Nc6 3.Nc3 d6 4.d4 cxd4 5.Nxd4 Nf6 6.Bg5 e6 7.Qd2 a6 8.O-O-O Bd7
9.f4 b5 10.Bxf6 gxf6 11.Kb1 Qb6 12.Nxc6 Bxc6 13.f5 b4 14.Ne2 e5 15.Ng3 Qc5
16.Nh5 Ke7 17.Bd3 Rg8 18.Rhg1 Rg5 19.g4 Bh6 20.Qe2 Rgg8 21.Rg3 Bg5 22.Bc4 Rgc8
23.Bd3 a5 24.b3 Qd4 25.h4 Bxh4 26.Rh3 Qf2 27.Qxf2 Bxf2 28.Rf1 Bd4 29.Ng3 Rg8
30.Be2 Be3 31.Rxh7 Rh8 32.Rfh1 Rxh7 33.Rxh7 Bf4 34.Nh5 Bxe4 35.Nxf4 exf4
36.Rh2 f3 37.Bd1 Rc8 38.Kc1 Rc3 39.Kd2 d5 40.Ke1 Kd6 41.Kf2 Ke5 42.Kg3 Re3
43.Rh1 Rc3 44.Rh7 Re3 45.Rh1 d4 46.Rh8 Bc6 47.Rc8 Rc3 48.Rc7 d3 49.cxd3 Bd5
50.Re7+ Kd4 51.Re1 Rxd3 52.Kf4 Kc3 53.Rf1 Kb2 54.g5 fxg5+ 55.Kxg5 Kxa2 56.Kf6 a4
57.bxa4 b3 58.a5 b2 59.Bc2 Rc3 60.Bb1+ Ka3 61.Rf2 Rc1 62.Bd3 b1=Q 63.Bxb1 Rxb1
64.Rd2 Bc4 65.Rf2 Rf1 66.Rh2 Kb4 67.a6 Ra1 68.Rb2+ Kc5  0-1

[Event "ch-GRE w"]
[Site "Athens GRE"]
[Date "2004.12.08"]
[Round "5"]
[White "Makropoulou,M"]
[Black "Petraki,M"]
[Result "1-0"]
[WhiteElo "2270"]
[BlackElo "2108"]

1.e4 c5 2.Nc3 Nc6 3.Nge2 e5 4.Nd5 g6 5.Nec3 Nd4 6.a4 Bg7 7.Bc4 Ne7 8.Nxe7 Qxe7
9.Nd5 Qd8 10.h4 h6 11.d3 O-O 12.Be3 d6 13.c3 Nc6 14.Qd2 Kh7 15.f3 Ne7 16.g4 Nxd5
17.Bxd5 Qe7 18.Qc2 Be6 19.Qb3 Rab8 20.Ke2 Bxd5 21.Qxd5 b5 22.axb5 Rxb5 23.b4 Rfb8
24.Qc4 d5 25.Bxc5 dxc4 26.Bxe7 cxd3+ 27.Kxd3 R5b7 28.Bc5 Bf8 29.Rxa7 Bxc5
30.Rxb7 Rxb7 31.bxc5 Kg7 32.Kc4 Kf6 33.c6 Rc7 34.Kc5  1-0